[Event "Sharjah Master 2024"]
[Site "Shsrjah - Abu Dhabi"]
[Date "2024.05.14"]
[Round "1.15"]
[White "Sindarov, Javokhir"]
[Black "Horvath, Dominik"]
[Result "1/2-1/2"]
[WhiteElo "2684"]
[BlackElo "2553"]
[PlyCount "91"]
[EventDate "2024.05.14"]
[EventCountry "UAE"]

{[%evp 9,91,17,19,4,-2,0,0,-6,-3,-14,0,-10,0,-24,10,10,10,0,0,0,-2,-3,30,28,35,-10,-9,-11,-12,-16,35,33,22,-3,41,33,33,20,35,32,81,83,81,37,155,156,150,150,159,142,217,200,260,260,250,195,180,180,178,175,174,173,171,87,85,45,45,32,41,36,37,-207,-44,-32,-33,-43,-43,-43,-43,-43,0,0,0,-4]} 1. e4 e5 2. Nf3 Nf6 3. d3 d5 4. exd5 Qxd5 5. Nc3 Bb4 6. Bd2 Bxc3 7. Bxc3 Nc6 8. Be2 Bf5 $146 ({RR} 8... Bg4 9. h3 Bh5 (9... Bd7 $11 {keeps the balance.}) 10. O-O $1 O-O-O (10... Bg6 $16 {was called for.}) 11. Ng5 $2 ({Only move:} 11. Nxe5 $1 $18 Bxe2 12. Qxe2) 11... Bxe2 12. Qxe2 h6 13. Ne4 Nxe4 14. dxe4 Qe6 15. b4 Nd4 16. Bxd4 $1 Rxd4 17. c3 Qc4 $2 (17... Rd7 $11 {and Black stays safe.}) 18. Qe3 $2 (18. Qg4+ $18 Rd7 19. Qxg7) 18... Rxe4 19. Qxa7 Qa6 20. Qc5 Kb8 (20... Qd6 $11) 21. Rfe1 Rxe1+ 22. Rxe1 f6 23. Qd5 {Novikova,M (1999)-Rogov,M (2152) chess.com INT 2024 0-1 (37)}) 9. O-O O-O-O 10. Re1 Rhe8 11. Nd2 Nd4 12. Bf1 e4 13. Nb3 Nxb3 14. axb3 {aiming for Ra5.} exd3 15. Rxe8 Rxe8 16. cxd3 Kb8 17. b4 (17. Ra5 $5 {[%cal Ra5d5]} Qd7 18. Qa1 $11) 17... Bd7 18. Qd2 a6 19. Qf4 Qf5 (19... Bc6 {with more complications.} 20. h4 h6 21. Qd4 Qxd4 22. Bxd4 Rg8) 20. Qxf5 Bxf5 21. f3 Nd5 22. Bxg7 Nxb4 23. Rd1 Rd8 24. g4 Bg6 25. h4 h5 26. Bf6 Rd6 $2 {Mistake. Re8 was best.} (26... Re8) (26... Re8 $14) 27. Be7 $16 Rd4 28. Bc5 Rf4 29. Re1 $1 {[%cal Re1e8]} b6 $6 {Inaccuracy. b5 was best.} (29... b5 30. Re8+ Kb7 31. Be3 Rf6 32. Rh8 hxg4 33. fxg4 Re6 34. Bg2+ $1 c6 35. Bd4) (29... b5 $16 {was worth a try.}) 30. Re8+ $1 $18 Ka7 31. Be3 Rf6 32. Bd2 $6 {Inaccuracy. Rh8 was best.} (32. Rh8) 32... Nc6 $6 {Inaccuracy. a5 was best.} (32... a5 33. Bg2 Ka6 34. Rh8 hxg4 35. fxg4 Rd6 36. h5 Bxd3 37. Rf8 Bb1 38. Bf1+) 33. Bg2 Rd6 34. Bc3 b5 35. Rh8 b4 36. Be1 $6 {Inaccuracy. Bg7 was best.} (36. Bg7 hxg4 37. fxg4 Bxd3 38. h5 a5 39. Re8 Nd8 40. Bf8 Rd7 41. Bc5+ Ka6) ({White must play} 36. Bg7 $18) 36... a5 $16 37. Bg3 Rxd3 38. gxh5 Bf5 39. h6 (39. Bxc7 a4 $15) 39... a4 {Strongly threatening ...a3.} 40. Bf1 $4 {Blunder. Bh3 was best.} (40. Bh3 Rd5 $1) (40. Bxc7 $2 a3 $19) (40. h7 Bxh7 41. Rxh7 a3 $19) (40. Bf2+ $14 Kb7 41. Bh3 Bxh3 42. h7) 40... Rd1 $6 {Inaccuracy. a3 was best.} (40... a3 $1 41. bxa3 {[#]} b3 $1 42. h7 Bxh7 $1 43. Rxh7 {[#]} Rd5 $1 44. Rxf7 $2 (44. Rh6 {was forced.} b2 45. Rxc6) 44... b2 45. Rxc7+ Kb6 46. Rxc6+ (46. Rf7 $142 b1=Q 47. Bf2+ Ka5 48. Rf6)) ({Better is} 40... a3 $1 $19 {[%cal Ra3a2]} 41. bxa3 (41. Bxd3 $2 Bxd3 42. bxa3 b3 $19) 41... b3 42. Bxd3 Bxd3) 41. h7 $15 ({But not} 41. Bxc7 $2 a3 $19) 41... Bxh7 $1 42. Rxh7 a3 43. bxa3 $1 bxa3 44. Rxf7 {And now Rf4 would win.} a2 45. Rxc7+ {[%mdl 64] Double Attack} Kb6 46. Rxc6+ $1 {[%mdl 64] Remove Defender. Accuracy: White = 73%, Black = 70%.} 1/2-1/2

[Event "Sharjah Master 2024"]
[Site "Shsrjah - Abu Dhabi"]
[Date "2024.05.14"]
[Round "1.16"]
[White "Erdogmus, Yagiz Kaan"]
[Black "Nihal Sarin"]
[Result "1/2-1/2"]
[WhiteElo "2553"]
[BlackElo "2680"]
[PlyCount "48"]
[EventDate "2024.05.14"]
[EventCountry "UAE"]

{[%evp 10,48,51,49,54,48,54,32,41,30,37,38,30,44,45,56,51,39,92,92,117,95,153,157,187,187,207,136,161,137,132,136,134,93,94,98,91,98,100,106,105]} 1. e4 e5 2. Nf3 Nc6 3. Bb5 a6 4. Ba4 Bc5 5. c3 Nge7 6. O-O (6. Kf1 {6.d4 0.45}) 6... Ng6 7. d4 Ba7 8. Bxc6 dxc6 {White is slightly better.} 9. Nxe5 Nxe5 10. dxe5 Qh4 11. Qf3 $146 ({RR} 11. Qd3 Bg4 12. Qg3 Qxg3 13. hxg3 O-O-O 14. Nd2 Rhe8 15. Nf3 h6 16. Re1 Rd3 17. Nh2 Be6 (17... Bd7 $1 $15) 18. Nf1 $1 Bd7 19. Be3 Bxe3 20. Rxe3 Rxe3 21. Nxe3 Rxe5 22. f3 Be6 23. Kf2 h5 24. a3 a5 25. Rd1 a4 {Chylewski,P (2285)-Firouzja,A (2759) chess.com INT 2024 0-1 (51)}) 11... Bg4 12. Qf4 $36 {[%mdl 2048] aiming for h3. White is more active.} Qh5 $1 13. h3 Be6 $6 {Inaccuracy. Bd7 was best.} (13... Bd7 $1 14. Be3 Bxe3 15. Qxe3 Qxe5 16. f4 Qe7 17. c4 f6 18. Nc3 O-O 19. Rae1) 14. Be3 $1 Bxe3 15. Qxe3 Qxe5 {[#]} ({Black should try} 15... g5) 16. f4 $1 $16 {[%cal Rf4e5]} Qa5 {[#]} 17. f5 $1 {[%cal Rf5e6]} Bc4 18. Re1 $6 {Inaccuracy. Rd1 was best. Nd2 is the strong threat.} (18. Rd1 f6) 18... f6 19. Nd2 Bf7 20. e5 fxe5 21. Nb3 Qb6 {White is better.} 22. Qxb6 cxb6 23. Rxe5+ Kf8 24. Rae1 h5 {Accuracy: White = 83%, Black = 72%.} 1/2-1/2

[Event "Sharjah Master 2024"]
[Site "Shsrjah - Abu Dhabi"]
[Date "2024.05.14"]
[Round "1.18"]
[White "Erdos, Viktor"]
[Black "Shankland, Sam"]
[Result "1/2-1/2"]
[WhiteElo "2546"]
[BlackElo "2671"]
[PlyCount "129"]
[EventDate "2024.05.14"]
[EventCountry "UAE"]

{[%evp 11,129,24,40,41,42,27,32,30,30,31,26,-64,-68,-126,-122,-132,-124,-130,-129,-92,-99,-96,-101,-129,-122,-136,-140,-83,-75,-60,-11,-9,-5,-11,-12,-15,-20,-104,-106,-108,-108,-98,-102,-101,-102,-108,-111,-106,-43,-48,-42,-51,-52,-45,-44,-44,-44,-50,-49,-107,-94,-163,-172,-174,-149,-159,-94,-110,-110,-130,-2,0,0,0,-1,-8,0,0,0,0,0,-49,-49,-48,0,0,0,0,0,0,0,0,0,0,0,0,0,0,0,0,0,0,0,0,0,0,0,0,0,0,0,0,0,0,0,0,0,0,0,0]} 1. d4 Nf6 2. c4 e6 3. Nf3 d5 4. Bg5 Bb4+ 5. Nc3 O-O 6. e3 Nbd7 7. cxd5 exd5 8. Rc1 $146 ({RR} 8. Qc2 h6 9. Bh4 Re8 10. Bd3 c5 11. O-O Qa5 12. a3 ({Better is} 12. Nxd5 $16 Nxd5 13. a3) 12... Bxc3 $1 13. Qxc3 Qxc3 14. bxc3 c4 15. Bc2 Ne4 16. Bxe4 $1 Rxe4 17. a4 b6 18. Rfb1 a6 19. Rb2 Re6 20. Bg3 Ra7 21. Bh4 Rb7 22. Ne1 g5 {Murugan,K (2238)-Dusthageer,I (2098) Chennai IND 2024 1-0 (36)}) 8... h6 9. Bh4 {White is slightly better.} c5 10. dxc5 Qa5 11. a3 $6 {Inaccuracy. Nd2 was best.} (11. Nd2 g5 12. Bg3 Nxc5 13. Be2 (13. Be5 $5 {[%cal Re5f6]} Nfe4 14. a3 Bxc3 15. Bxc3 Nxc3 16. Rxc3 $11) 13... Bxc3 14. bxc3 Re8 15. O-O Bd7 16. Nb3 Qb6) (11. Nd2 $11) 11... Bxc3+ $1 $15 12. Rxc3 $6 {Inaccuracy. bxc3 was best.} (12. bxc3 Qxa3) (12. bxc3 $15 Ne4 13. Nd4) 12... Ne4 $36 {[%mdl 2112] Double Attack, Pin. Black is on the roll.} 13. b4 Nxc3 14. Qa1 Qa4 15. Qxc3 a5 16. b5 Nxc5 $1 17. Qxc5 Bf5 18. Qc1 (18. Qxd5 Rac8) 18... Rac8 19. Qa1 Bg4 20. Bg3 Bxf3 $2 {Mistake. d4 was best.} (20... d4 $1 21. Be5 (21. Be2 $17 Bxf3 22. gxf3) 21... dxe3 22. fxe3 Rfe8 $1 23. Bd4 Rc2 24. Bd3 Rxg2 25. Nh4 Qb3 26. Nxg2) (20... d4 $5) 21. gxf3 d4 $1 22. Bh3 Qxb5 23. Bxc8 Rxc8 24. Qd1 $2 {Mistake. a4 was best.} (24. a4 $1 {[%cal Ra4b5]} Qc4 $1 25. Qd1 b5 26. Be5 d3 27. O-O b4 28. Qd2 Qd5 29. Bd4 $1 Qg5+) (24. a4 $11 Qb4+ 25. Kf1) 24... Rc3 25. exd4 g5 {aiming for ...Qc4.} 26. Rg1 {[#]} Kh7 $1 {[%mdl 1024] Black has strong compensation.} 27. d5 {[#] Hoping for d6.} Qc4 $1 28. d6 Rc1 29. Kd2 Qc3+ $6 {Inaccuracy. Rxd1+ was best.} (29... Rxd1+) (29... Rxd1+ $17 30. Rxd1 Qe6) 30. Ke2 $15 Qb2+ 31. Qd2 Rc2 32. Rd1 Qb5+ 33. Ke1 $1 Rxd2 34. Rxd2 {[%mdl 4096] Endgame KQ-KRB} Qd7 35. Re2 $6 {Inaccuracy. h4 was best.} (35. h4 gxh4) ({White should play} 35. h4 $15) 35... Kg6 36. Re7 (36. f4 $17 {was necessary.}) 36... Qb5 $19 37. Rc7 Kf6 38. h4 Qd5 $6 {Inaccuracy. Qd3 was best.} (38... Qd3) (38... Qb3 $142 39. hxg5+ hxg5) 39. hxg5+ $17 hxg5 40. Rc2 Kg6 $6 {Inaccuracy. Qxf3 was best.} (40... Qxf3 41. Rd2) ({Black should try} 40... Qxf3 $17 41. Rd2 Qe4+ 42. Kf1 Qc4+ 43. Ke1 Qe6+ 44. Kf1 Qc4+ 45. Ke1 Qe4+ 46. Kf1 Qb1+ 47. Ke2 Qb5+ 48. Rd3 Qd7) 41. Rd2 $1 $11 {[%cal Rd2d5]} Qe6+ (41... Qxf3 $5 42. d7 $8 Qe4+ 43. Kf1 Qh1+ 44. Ke2 Qe4+ 45. Kf1 Qh1+ 46. Ke2 Qe4+ 47. Kf1 $11) 42. Kf1 Qd7 43. Kg2 f5 {...f4 is the strong threat.} 44. Be5 f4 45. Bc3 g4 46. Bb2 $6 {Inaccuracy. Bxa5 was best.} (46. Bxa5 gxf3+ 47. Kxf3 Qh3+ 48. Ke2 Qg4+ 49. f3 Qg2+ 50. Ke1 Qg1+ 51. Ke2) 46... b5 {Strongly threatening ...b4.} 47. Rd4 Kf5 48. fxg4+ {The position is equal.} Kxg4 49. f3+ Kf5 50. Kf2 Ke6 51. Ke1 Kf7 52. Rxf4+ Ke8 53. Rd4 Kd8 54. Kd2 Qf7 55. d7 $1 Qb3 56. Kc1 Qxf3 {White must now prevent ...Qc6+.} 57. Rd2 Qf4 {And now ...Qf1+ would win.} 58. Bc3 b4 (58... Qc7 $5 59. Kb2 $8 Qb6 $11) 59. axb4 axb4 60. Bd4 {White wants to mate with Bb6+.} Qh6 61. Be5 {Threatens to win with Bc7+!} Qc6+ 62. Kb2 {[#]} b3 $1 {[%mdl 512]} 63. Bc3 {Intending Ba5+ and mate.} (63. Kxb3 Qb5+) 63... Qxd7 64. Rxd7+ Kxd7 65. Kxb3 {Accuracy: White = 85%, Black = 86%.} 1/2-1/2

[Event "Sharjah Master 2024"]
[Site "Shsrjah - Abu Dhabi"]
[Date "2024.05.14"]
[Round "1.19"]
[White "Aravindh, Chithambaram VR."]
[Black "Bharath Subramaniyam H"]
[Result "1-0"]
[WhiteElo "2670"]
[BlackElo "2544"]
[PlyCount "77"]
[EventDate "2024.05.14"]
[EventCountry "UAE"]

{[%evp 10,77,30,23,37,29,45,45,45,46,56,20,65,65,66,66,83,64,64,12,78,81,89,57,139,134,175,168,203,206,192,190,196,183,202,197,221,164,155,139,125,129,139,118,124,128,165,164,203,183,213,207,223,237,232,239,361,339,408,396,434,434,434,434,434,433,566,553,730,716]} 1. Nf3 d5 2. g3 g6 3. Bg2 Bg7 4. d4 c6 5. O-O (5. Kf1) 5... Nf6 6. c4 dxc4 7. a4 Ne4 8. Nc3 {[%mdl 1024] White has compensation.} Nd6 {White is slightly better.} 9. e4 O-O $146 ({RR} 9... Bg4 10. Be3 Na6 11. h3 Bxf3 12. Qxf3 Nb4 13. Qe2 a5 14. f4 (14. Rad1 $16) 14... Nd3 (14... Qb6 $1 $11 {remains equal.}) 15. g4 $1 Ra6 16. e5 Rb6 17. Rab1 Rb3 18. exd6 Qxd6 19. Ne4 Qb4 20. Nd2 Rxb2 21. Be4 Qc3 22. Bxd3 cxd3 23. Qf2 O-O {[#]} 24. Rxb2 $1 {De Waele,W (2345)-Hauchamps,M (2262) Wachtebeke BEL 2024 1-0 (83)}) ({RR} 9... Bg4 10. Be3 Qc8 11. Qe2 O-O 12. e5 Nf5 13. Qxc4 Na6 14. Ng5 h6 15. Nge4 (15. h3 $1 $14) 15... Nxe3 16. fxe3 Qe6 17. Qxe6 Bxe6 18. a5 Rad8 19. Na4 Nb4 (19... Bc8 $11 {keeps the balance.}) 20. Ra3 Nc2 21. Rc3 Nxd4 22. exd4 Rxd4 23. Nac5 Bd5 24. Re3 {Mikhalevski,V (2514)-Sarana,A (2699) Bucharest ROU 2024 1-0 (60)}) ({RR} 9... Bg4 10. h3 Bxf3 $1 11. Bxf3 Na6 12. Be3 Nb4 13. Qe2 a5 14. Rad1 O-O 15. Bg2 e6 16. g4 f5 17. e5 Ne8 18. Qxc4 Nc7 19. Qe2 Ncd5 20. gxf5 gxf5 (20... Rxf5 $11 21. Ne4 Nf4) 21. Qh5 Qe8 22. Qxe8 Rfxe8 23. Bxd5 Nxd5 24. Nxd5 {Kaldarova,A (2110)-Mkrtchyan,M (2352) Tashkent UZB 2024 ½-½}) 10. Be3 Bg4 11. h3 Bxf3 12. Qxf3 Nd7 13. Qe2 e5 14. Rad1 $6 {Inaccuracy. d5 was best.} (14. d5 Re8 15. Rfd1 Bf8 16. Rd2 Qc7 17. Rad1 Kg7 18. h4 Nf6 19. f4 h5) 14... Qe7 $6 {Inaccuracy. exd4 was best.} (14... exd4) (14... exd4 $11 15. Bxd4 Ne5) 15. d5 $16 {aiming for dxc6.} Rfd8 16. h4 h5 $6 {Inaccuracy. Nf6 was best.} (16... Nf6) ({Better is} 16... Nf6 $14) 17. Bh3 c5 18. Nb5 b6 19. Nxd6 Qxd6 20. Qxc4 a6 21. Rc1 Bf8 22. Rc2 Rdb8 $6 {Inaccuracy. Ra7 was best.} (22... Ra7 23. a5 bxa5 24. Ra1 a4 25. Qxa4 Rb8 26. Bxd7 Rb4 27. Qc6 Qxd7 28. Rxa6) 23. Qd3 $6 {Inaccuracy. f4 was best.} (23. f4 b5 24. Qe2 c4 25. f5 Bg7 26. Qf3 Nf6 27. a5 Rb7 28. Rg2 Rf8) 23... b5 24. b3 bxa4 25. bxa4 Rb4 26. Rc4 Rab8 27. Rfc1 Rxc4 28. Rxc4 Rb4 29. Bf1 Qb8 {[#]} 30. Bd2 $1 Rb1 31. Rc1 Rxc1 32. Bxc1 Qb4 $6 {Inaccuracy. c4 was best.} (32... c4 33. Qxc4 Nc5 34. Bd2 Qe8 35. a5 Bd6 36. Bc3 Qd7 37. Kg2 Kg7 38. Be1) (32... c4 $142 33. Qxc4 Nc5) 33. Qxa6 $18 Qxe4 34. a5 {[%cal Ba4a5,Ba5a6,Ba6a7][%mdl 32]} Qxd5 35. Qc8 {White is clearly winning.} c4 {Now ...Kg7 and Black clings on.} 36. a6 Nb6 37. Qb8 Nd7 $6 {Inaccuracy. Qd6 was best.} (37... Qd6 38. a7 c3 39. Be3 c2 40. Qxd6 Bxd6 41. Bxb6 c1=Q 42. a8=Q+ Bf8 43. Qd5) 38. Qd8 {Strongly threatening a7.} Kg7 $6 {Inaccuracy. Qd6 was best. intending ...Bc5.} (38... Qd6 39. a7 Nb6 40. Qxd6 Bxd6 41. Be3 Na8 42. Bxc4 Bc7 43. Bd5 Bb6 44. Bxa8) 39. a7 {Accuracy: White = 83%, Black = 38%.} 1-0

[Event "Sharjah Master 2024"]
[Site "Shsrjah - Abu Dhabi"]
[Date "2024.05.14"]
[Round "1.20"]
[White "Sivuk, Vitaly"]
[Black "Yakubboev, Nodirbek"]
[Result "1/2-1/2"]
[WhiteElo "2541"]
[BlackElo "2665"]
[PlyCount "44"]
[EventDate "2024.05.14"]
[EventCountry "UAE"]

{[%evp 18,44,4,6,8,3,14,14,10,10,13,-6,0,0,0,0,0,0,68,-48,11,0,14,12,11,-516,10,14,985]} 1. d4 Nf6 2. c4 e6 3. Nc3 Bb4 4. e3 O-O 5. Bd3 d5 6. a3 Bxc3+ 7. bxc3 dxc4 8. Bxc4 c5 9. Nf3 Qc7 10. Be2 b6 11. Bb2 cxd4 12. cxd4 Ba6 13. O-O Qb7 $146 ({RR} 13... Bxe2 14. Qxe2 Qb7 15. Nd2 Nbd7 16. e4 Rfc8 17. Qd3 Rd8 18. Rfe1 Rac8 19. Rad1 h6 20. Ba1 Qc6 21. Qf3 Qa4 22. Nf1 Rc2 23. d5 e5 24. Ng3 Ra2 25. Rd3 ({Better is} 25. Nf5 $11 Qxa3 26. Re3) 25... b5 (25... Rc8 $15) 26. h3 (26. Nf5 $14) 26... b4 27. Nf5 Kh7 $1 28. Qg3 {Grebnev,A (2536)-Savchenko,B (2483) Sochi RUS 2024 1-0 (54)}) 14. a4 Bxe2 15. Qxe2 Rc8 16. Rfc1 Nbd7 17. Nd2 Rc7 (17... Rc5 $4 {17...h6 -0.01 Blunder. h6 was best.} 18. Rc2 $4 {Blunder. dxc5 was best.} (18. dxc5 bxc5 19. Rab1 Qc7 20. Kh1 Rb8 21. h3 Nd5 22. Qg4 {[%csl Gb2][%cal Rg4g7]} Ne5 23. Bxe5 Qxe5) (18. dxc5 $18 {is the narrow road to win.} Nxc5 19. Bxf6 gxf6 20. Qg4+ Kh8 21. Qh4) 18... Rc3 $4 {Blunder. Rxc2 was best.} (18... Rxc2 19. Ba3 Ne4 20. Bb4 Ndf6 21. Qd3 Rac8 22. f3 Nxd2 23. Bxd2 Kh8 24. e4) (18... Rxc2 $19 {and life is good for Black.} 19. Ba3 Qc7) 19. Rxc3 Rb8 20. Rac1 Ra8 21. Rc8+ $4 {Blunder. e4 was best.} (21. e4 Nf8 22. Rc7 Qb8 23. R7c2 Ng6 24. g3 Qb7 25. Ba1 Rd8 26. a5 h5) (21. e4 $18 Ne8 22. e5) 21... Rxc8 22. Rxc8+ Qxc8 23. Qc4 Qb7 24. f3 a6 25. e4 h6 26. Qb4 Qc6 27. Qc4 Qb7 28. Qb4 Qc6 29. Qc4 Qb7) (17... h6 18. f3 a6 19. e4 Ne8 20. Nb3 Rxc1+ 21. Bxc1 Rc8 22. Bf4 Rc6 23. d5) (17... h6 $11) 18. Rc3 ({White should try} 18. Rxc7 $14 Qxc7 19. Rc1) 18... Rcc8 (18... Rxc3 $15 19. Bxc3 Qc6) 19. Rcc1 Rxc1+ 20. Rxc1 Rc8 21. Rc5 $2 {[%mdl 8192] [#]} (21. Rxc8+ $11 Qxc8 22. Qc4 Qxc4 23. Nxc4) 21... Rc7 $2 ({Black should play} 21... bxc5 $19 22. Nc4 cxd4) 22. Rxc7 $11 Qc8 $2 {[%mdl 40960] Accuracy: White = 54%, Black = 69%. . An unexpected result.} (22... Qxc7 $11 23. Qc4 Qxc4 24. Nxc4 Ne8) 1/2-1/2

[Event "Sharjah Master 2024"]
[Site "Shsrjah - Abu Dhabi"]
[Date "2024.05.14"]
[Round "1.22"]
[White "Sankalp Gupta"]
[Black "Ter-Sahakyan, Samvel"]
[Result "1/2-1/2"]
[WhiteElo "2531"]
[BlackElo "2650"]
[PlyCount "132"]
[EventDate "2024.05.14"]
[EventCountry "UAE"]

{[%evp 13,132,8,13,13,20,16,17,-5,-2,-5,0,-17,-14,-20,1,-42,-32,-85,-85,-90,-90,-87,-95,-169,-160,-226,-210,-206,-204,-203,-182,-192,-203,-199,-159,-249,-235,-323,-207,-210,-116,-105,-105,-76,-50,-66,-71,-66,-19,-18,-20,-20,-20,-21,-22,-21,-18,-22,-22,-23,-23,-23,-15,-16,-8,-25,-21,-23,-23,-23,-24,-16,-16,-20,-17,-17,-19,-17,-19,-19,-23,-22,-17,-29,-16,-26,-19,-23,-23,-26,-27,-37,-38,-38,-40,-41,-35,-38,-32,-31,-31,-56,-41,-31,-8,-12,0,0,0,0,0,0,0,0,0,0,0,0,0,0,0]} 1. Nf3 d5 2. e3 Nf6 3. c4 c6 4. Nc3 Nbd7 5. cxd5 cxd5 6. d4 e6 7. Bd3 Bd6 ({RR} 7... a6 8. O-O Bd6 9. Qe2 b5 (9... h6 $11) 10. e4 dxe4 11. Nxe4 Be7 12. a4 (12. Ne5 $1 $16) 12... bxa4 (12... Bb7 $11) 13. Bg5 (13. Ne5 $1 $16 {[%cal Re5f7]} Qb6 14. Qf3) 13... Bb7 14. Rxa4 Nb6 15. Raa1 Nxe4 16. Bxe7 Qxe7 17. Bxe4 O-O 18. Ra5 Bxe4 19. Qxe4 Nc4 20. Rc5 Nxb2 (20... Nd6 $11 {remains equal.} 21. Qe5 Rad8) 21. Qc2 Rab8 22. Rb1 {Galyas,M (2423)-Shivakumar,S (2307) Sunnyvale USA 2024 ½-½} ({White should play} 22. h4 $16)) 8. O-O (8. Kf1 {8.d2 0.12}) 8... O-O 9. Bd2 $146 ({RR} 9. a3 Re8 10. b4 b6 11. Bb2 Bb7 12. Rc1 Rc8 13. Qa4 Bb8 (13... a6 $1 $11 {[%mdl 512]}) 14. Ne2 Ne4 15. Rxc8 Qxc8 16. Rc1 Qd8 17. Bxe4 (17. Ne5 $14 Ndf6 18. Qc2) 17... dxe4 18. Ne5 Nxe5 19. dxe5 h6 20. Nd4 Bxe5 21. Qxa7 Bd5 22. Nc6 Bxc6 23. Bxe5 Qd2 {Kaganskiy,G (2177)-Rees,I (2273) chess.com INT 2023 ½-½ (40)}) 9... a6 10. a3 e5 11. dxe5 Nxe5 12. Be2 Re8 13. Rc1 Qe7 14. Nd4 b5 15. Na2 Nc4 16. Rc2 Qe5 {[%csl Gd6][%cal Re5h2]} 17. Nf3 Qh5 $40 {[%mdl 128] Black is out for blood.} ({Don't blunder} 17... Nxb2 $2 18. Qb1 $18 (18. Nxe5 Nxd1 19. Nd3 Nxf2 $14)) 18. Bb4 $6 {[#] Inaccuracy. Bc3 was best.} (18. Bc3 Ne4) (18. Bc3 $17) 18... Bb8 $1 $19 19. b3 $6 {Inaccuracy. Bc5 was best.} (19. Bc5 Bf5 20. Bd4 Bxc2 21. Qxc2 Ne4 22. h3 Ba7 23. Bxa7 Rxa7 24. Nb4 a5) (19. g3 $17) 19... Ng4 {[%cal Rb8h2]} 20. h3 {[#]} (20. bxc4 Bxh2+ 21. Kh1 dxc4) 20... Ngxe3 $1 {[%mdl 512]} 21. fxe3 Nxe3 {[%mdl 64] Double Attack} 22. Rxc8 Rxc8 23. Qd3 Ba7 24. Rf2 (24. Bd2 $17 {might work better.} Nxf1+ 25. Kxf1) 24... Qf5 {aiming for ...Qxd3.} 25. Bc3 Qxd3 $6 {Inaccuracy. Rxc3 was best.} (25... Rxc3 26. Qxc3 Rc8 27. Nd4 Qb1+ 28. Rf1 Qxf1+ $1 29. Bxf1 {[%cal Rc3c8]} Rxc3 30. Nxc3 Bxd4 31. Na2) 26. Bxd3 {intending Bd4.} Rxc3 $4 {Blunder. Nd1 was best.} (26... Nd1 27. Bd4 Nxf2 28. Kxf2 Rc6 29. Ke3 Bxd4+ 30. Kxd4 g6 31. Nb4 Rc1 32. Ke3) ({Better is} 26... Nd1 $19 27. Bd4 Nxf2 28. Kxf2 g6) 27. Nxc3 $17 {Black should prevent Kh1.} Rc8 28. Ne2 Nd1 {[%mdl 64] Pin} 29. Ned4 {Re2 is the strong threat.} Nxf2 30. Kxf2 Bc5 31. a4 bxa4 32. bxa4 Rb8 33. Bxa6 Rb4 34. Ke3 Rxa4 35. Be2 g6 36. Kd3 Ra3+ 37. Kc2 Kg7 38. Nb5 Ra5 39. Ne5 Ra2+ 40. Kd3 Rb2 41. Nc7 Rb3+ 42. Kd2 Bb4+ 43. Kd1 Rb2 44. Nf3 {[#]} d4 $1 {[%mdl 512]} 45. Nd5 (45. Nxd4 Rd2+) 45... Bc3 46. Nf4 f5 47. Nd3 Ra2 48. Nc1 Ra8 (48... Ra1 {is interesting.} 49. Kc2 Kf6 50. h4 Ra4 51. Bd3 h6) 49. Kc2 Re8 50. Bc4 Kf6 51. Ne2 g5 52. Nfxd4 Bxd4 53. Nxd4 Ke5 54. Ne2 Rd8 {[%mdl 1024] Black has compensation.} 55. Bd3 Ra8 56. Kd2 h5 57. Ng3 Ra2+ 58. Bc2 $1 h4 59. Nxf5 {The position is equal.} Rxc2+ {[%mdl 64] Remove Defender} 60. Kxc2 {And now Ne3 would win.} Kxf5 $11 {[%mdl 4096] Endgame KPP-KPP} 61. Kd3 Kf4 {Hoping for ...Kg3.} 62. Ke2 $1 Kg3 63. Kf1 g4 64. hxg4 Kxg4 65. Kf2 h3 66. gxh3+ Kxh3 {Accuracy: White = 77%, Black = 87%.} 1/2-1/2